5 Largest Cities by Canadian Province/Territory - Statistics

General Stats
  • This quiz has been taken 18 times
    6 since last reset
  • The average score is 27 of 65
Answer Stats
Population City % Correct
1,335,145 Calgary
100%
1,025,096 Edmonton
100%
1,806,022 Montréal
100%
546,424 Québec
100%
275,242 Saskatoon
100%
2,965,713 Toronto
100%
685,885 Vancouver
100%
763,922 Winnipeg
100%
1,028,514 Ottawa
83%
237,011 Regina
83%
70,817 Saint John
83%
111,038 St. John's
83%
25,085 Whitehorse
83%
21,183 Yellowknife
83%
253,007 Burnaby
67%
40,488 Charlottetown
67%
574,263 Hamilton
67%
438,973 Laval
67%
769,050 Mississauga
67%
77,623 Moncton
67%
106,024 Red Deer
67%
52,983 Brandon
50%
63,326 Fredericton
50%
287,868 Gatineau
50%
7,740 Iqaluit
50%
100,323 Lethbridge
50%
249,997 Longueuil
50%
35,095 Moose Jaw
50%
158,642 Richmond
50%
584,526 Surrey
50%
696,975 Brampton
33%
1,375 Dawson City
33%
158,457 Langley
33%
37,867 Prince Albert
33%
17,407 Swift Current
33%
9,484 Amherst
17%
2,657 Arviat
17%
2,069 Baker Lake
17%
8,865 Bridgewater
17%
1,766 Cambridge Bay
17%
27,276 Conception Bay South
17%
19,282 Corner Brook
17%
6,039 Cornwall
17%
27,993 Dieppe
17%
613 Haines Junction
17%
3,749 Hay River
17%
3,431 Inuvik
17%
23,063 Mount Pearl
17%
9,298 New Glasgow
17%
2,842 Rankin Inlet
17%
17,667 Steinbach
17%
10,973 Stratford
17%
15,553 Summerside
17%
12,826 Truro
17%
790 Watson Lake
17%
13,904 Winkler
17%
74,591 Airdree
0%
493 Carmacks
0%
2,639 Fort Smith
0%
2,031 Montague
0%
768 Norman Wells
0%
22,657 Paradise
0%
13,993 Portage la Prairie
0%
20,304 Riverview
0%
6,797 Yarmouth
0%
No matching quizzes found
Score Distribution
Percent of People with Each Score
Percentile by Number Answered
Your Score History
You have not taken this quiz since the last reset